| 000 | 00700nam a22001815i 4500 | ||
|---|---|---|---|
| 001 | 160113 | ||
| 003 | ES-MaACL | ||
| 005 | 20230906211934.0 | ||
| 008 | 050915s1826 gw | |||||||| ||eng d | ||
| 040 |
_aCAM _bspa _cCAM |
||
| 100 | 1 |
_aMoore, Thomas. _9130126 |
|
| 245 | 1 | 4 |
_aThe works of Thomas Moore _b: accurately printed from the last original editions, with additional notes. |
| 260 |
_aLeipsic : _bprinted for Ernst Fleischer, _c1826. |
||
| 300 |
_aXIII, 619, [1] p., [4] h. pleg. ; _c23 cm. |
||
| 700 | 1 |
_aFleischer, Ernst, _eed. _9127097 |
|
| 752 |
_aAlemania - _dLeipzig |
||
| 852 |
_aES-MaACL _jC-1755 _z-- Enc. hol. _z-- Legado M. de la Fuente _z-- Enc. con 16 p. del catálogo editorial |
||
| 999 |
_c160113 _d160113 |
||